000 00247nam a2200109Ia 4500
008 190216s9999||||xx |||||||||||||| ||und||
100 _aSurendran K
245 0 _aMalayalam-Katukurang
260 _bNbs Kottayam
650 _aMalayalam
942 _cBK
999 _c24059
_d24059